Top 10 Amerikanische Länder - WM Teilnahmen - Statistiken

Allgemein
  • Dieses Quiz wurde 127 mal gespielt
  • Das Durchschnittsergebnis liegt bei 8 aus 10
Antwortstatistiken
# Nation % Korrekt
22 Brasilien
98%
11 USA
97%
14 Uruguay
96%
18 Argentinien
95%
17 Mexiko
95%
9 Chile
84%
6 Kolumbien
81%
5 Peru
81%
8 Paraguay
62%
6 Costa Rica
51%
Keine übereinstimmenden Quizze gefunden
Verteilung der Resultate
Anzahl Personen mit jedem Resultat
Perzentil nach korrekt beantworteten Fragen
Ihre Resultats-Entwicklung
Sie haben dieses Quiz noch nicht gespielt